00462 a2200145 4500020002600000050001700026100002600043245012400069264002500193300002500218500001900243504002000262650001500282650001900297 a9780470398920 (cloth)00aTX799NOT20121 aNotter, Ewald,d1955-14aThe art of the confectioner :bsugarwork and pastillage /cEwald Notter ; photography by Joe Brooks and Lucy Schaeffer. aU.S.A:bWiley,c2012 a367 p. :bcol. ill.  aincludes index aIncludes index. 0aSugar art. 0aConfectionery.